01411 a2200181 45000010006000000050017000060080041000230030015000640400040000790800032001192450078001512500012002292640055002413000019002965050889003150410008012041000017012124224920260407155712.0260407a1971 arg spa dAR-UNSa-BCEJYS aAR-UNSa-BCEJYSbspacAR-UNSa-BCEJYS a330(82)xEconomia Argentina10aLa economía Argentinaplas etapas de su desarrollo y problemas actuales a6a. ed. 1aBuenos Aires :bFondo de Cultura Económicac1971 a266 p.c20 cm. a1. El comercio como factor de disolución del orden feudal - 2. Formación de la economía colonial americana - 3. Las economías regionales de subsistencia del actual territorio argentino - 4. Estructura y dinámica del sistema - 5. El puerto de Buenos Aires como intermediario comercial - 6. Expansión de la ganadería - 7. El desarrollo del Litoral - 8. El estancamiento del interior - 9. El progreso técnico y la integración de la economía mundial - 10. Factores condicionantes y expansión agropecuaria - 11. Estructura y dinámica del sistema - 12. Quiebra del equilibrio interregional - 13. Cambios en la economía mundial a partir de 1930 - 14. Las nuevas condiciones del desarrollo - 15. Desarrollo del sistema y sus límites - 16. Consolidación del desequilibrio interregional - 17. Inflación y estancamiento: la política económica a partir de 1950 aspa1 aFerrer, Aldo